000
003000000a22001450004500
003
MACL
040
_a
MACL
090
_c
42730
_d
42728
100
_a
Wilson, Andy
245
_a
How to Reduce Tension
260
_b
Lotus Press
_c
2008
350
_a
125
650
_a
Psychology
942
_c
BOOK
_k
150/WIL
999
_c
42279
_d
42279